000 00335nam a2200133Ia 4500
005 20260326235451.0
008 260326s9999||||xx |||||||||||||| ||und||
100 _aKunz, Martin Nicholas
245 0 _aYoung asian Designers /
_cMartin Nicholas Kunz
260 _bFusion
300 _a399 p.
650 _aDISEÑO INDUSTRIAL
942 _cBK
999 _c7771
_d7771